Marvel Picture Find: Spider-Man Quiz Stats

 Plays Quiz Updated Jul 7, 2017

Support Sporcle.
Go Orange.
Score 0/173 Timer 17:00
22 Plays Today
% Correct
Spider-Man
93.6%
Venom
85.1%
Green
Goblin
79.5%
Dr. Octopus
78.6%
Thing
75.8%
Rhino
72.3%
Sandman
71.4%
Lizard
68.5%
Carnage
68.4%
Aunt May
66.5%
Mary Jane
66.1%
Human
Torch
65.9%
Mister
Fantastic
65.9%
Kingpin
65.4%
Electro
65.2%
Vulture
65%
Mysterio
62.8%
Daredevil
62.5%
Hobgoblin
61.4%
Invisible
Woman
60.7%
J. Jonah
Jameson
60.3%
Gwen
Stacy
59.7%
Punisher
58.8%
Black Cat
57%
Uncle Ben
56%
Iceman
55.8%
Shocker
55.1%
Spider-
Woman
53.8%
Scorpion
53.3%
Kraven
53.3%
Hammerhead
49.4%
Spider-Ham
48.5%
Spider
Girl
47.9%
Spider-Gwen
47.7%
Jack
O'Lantern
46.3%
Chameleon
44.8%
Cloak
44.8%
Dagger
44.5%
Morbius
43.4%
Beetle
42.8%
Scarlet
Spider
42.5%
Spider-Man
2099
41.5%
Hydro-Man
40.5%
Hippo
40.1%
Flash
Thompson
39%
Spot
37.9%
Anti-Venom
37.6%
Jackal
37.1%
Madame Web
37.1%
Tombstone
37%
Prowler
36%
Firestar
35.7%
Grey Goblin
34.5%
Silver
Sable
34%
Man-Spider
33.4%
Betty Brant
32.8%
Tarantula
31.3%
Man Wolf
30.7%
% Correct
Mister
Negative
30.4%
Frog Man
30.2%
Boomerang
29.1%
Silk
28.9%
Peter
Parker
28.5%
Amazing
Bag Man
28.5%
Swarm
27.6%
Molten
Man
27.6%
Owl
27.4%
Robbie
Robertson
26.7%
White
Rabbit
26.6%
Toxin
26.2%
Demogoblin
26%
Captain
Stacy
25.6%
Grizzly
25.5%
Walrus
25.4%
Alistair
Smythe
23.8%
Lady Octopus
23.8%
Big Wheel
23%
Kaine
22.5%
Doppel-
ganger
22.1%
Scream
21.9%
Spider Slayer
20.9%
Riot
20.9%
Shriek
20.6%
Silvermane
20.4%
Puma
20.4%
Ben
Urich
20%
Black
Tarantula
19.7%
Speed
Demon
19.6%
Squid
19.4%
Spider-
Carnage
19.3%
Glory Grant
19.3%
The Rose
18.8%
Tinkerer
18.4%
The Burglar
18.2%
Ricochet
18.1%
Vermin
17.9%
Gibbon
17.6%
Morlun
17.4%
Kangaroo
17.3%
Living Brain
17.3%
Montana
17.3%
Cardiac
17.2%
Will o'
the Wisp
16.8%
Calypso
16.5%
Ox
16.4%
Rocket
Racer
16.4%
Carrion
16.3%
Spidercide
16.3%
Phage
15.9%
Hornet
15.8%
Big Man
15.7%
Mud-Thing
15.3%
Steel Spider
15%
Fancy Dan
14.9%
Stegron
14.3%
Red Vulture
14.2%
% Correct
Solo
13.4%
Prodigy
13.4%
Crime-
Master
13%
Lasher
13%
Hybrid
12.5%
Man-
Mountain
Marko
12.4%
Miss Lion
12.3%
Agony
12.2%
Killer
Shrike
12%
Sin-Eater
12%
Videoman
12%
Looter
11.9%
Iguana
11.3%
Ringer
11.2%
Basilisk
11.2%
Menace
10.7%
Overdrive
10.5%
Dusk
10.4%
Fogg
10.2%
Jackpot
10%
Cyclone
9.8%
Slyde
9.7%
Debra
Whitman
9.6%
Stone
9.5%
Black Fox
9.4%
Mindworm
9.3%
Mendel
Stromm
9.3%
Skinhead
9.2%
The Answer
9.1%
Foreigner
9.1%
Styx
9.1%
Scrier
8.6%
Modular Man
8.5%
Light-
master
8%
Headsman
7.9%
D.K.
7.9%
Clash
7.9%
Chance
7.9%
Humbug
7.8%
Queen Cat
7.7%
Stunner
7.6%
Critical Mass
7.5%
Fracture
7.4%
Schemer
7.2%
Knight
7.2%
Blaze
7.1%
Finisher
7.1%
Digger
6.9%
Shadrac
6.6%
Smuggler
6.5%
Raptar the
Renegade
6.5%
Corona
6.4%
Bloodshed
6.2%
Sundown
6.1%
Fusion
5.7%
Platoon
5.5%
Extremist
5.3%

You're not logged in!

Compare scores with friends on all Sporcle quizzes.
OR
Log In
Forgot?

From the Vault

Corral Voldemort!

by jyrops

But make sure you never say his name. He's not supposed to be named.
Remove Ads.
Support Sporcle.
Get the best of Sporcle when you Go Orange. This ad-free experience offers more features, more stats, and more fun while also helping to support Sporcle. Thank you for becoming a member.

Show Comments

Extras

Top Quizzes Today


Score Distribution

Your Account Isn't Verified!

In order to create a playlist on Sporcle, you need to verify the email address you used during registration. Go to your Sporcle Settings to finish the process.

Report this User

Report this user for behavior that violates our Community Guidelines.

Details: